000 00268nam a22001217a 4500
003 SGT
082 _a616.89
_bP01S
100 _aSKRINE, RUTH
245 _aPSYCHOSEXUAL MEDICINE AN INTRODUCTION
260 _aLONDON
_bARNOLD
_c2001
300 _a242
942 _2ddc
_cBK
999 _c14915
_d14915